000 00719nam a2200217Ia 4500
005 20241129111409.0
008 241129s9999||||xx |||||||||||||| ||und||
020 _a978-93-90603-02-2
037 _aTB
040 _aCRL
_bpun
_cCRL
041 _apun
_2pun
084 _aD85 153R1
_qCRL
100 _aਪੀਅਰਸ, ਫਕੈੱਡ, ਚ।
245 0 _aਜਦੋਂ ਦਰਿਆ ਸੁਕਦੇ ਨੇ
_cਪੀਅਰਸ, ਫਕੈੱਡ, ਚ।
260 _aਲੁਧਿਆਨਾ, ਭਾਰਤ
_bਚੇਤਨਾ ਪ੍ਰਕਾਸ਼ਨ
_c2021
300 _a380ਪ੍ਰ0
365 _aINR
_b595
650 _aEngineeringWater Supply
_9726210
942 _cTB
_hD85 153R1
999 _c1230273
_d1230273